Statistiken für Größte Städte der nördlichen Hemisphäre

Klicken Sie hier um das Quiz zu spielen!

Allgemein

  • Dieses Quiz wurde 160 mal gespielt
    (111 seit der letzten Aktualisierung)
  • Das Durchschnittsergebnis liegt bei 13 aus 20

Antwortstatistiken

BevölkerungStadt% Korrekt
20,9 Mio.New York City
98%
39,1 Mio.Tokio
96%
17,6 Mio.Moskau
93%
19,4 Mio.Peking
90%
22,1 MioShanghai
82%
15,47 Mio.Los Angeles
80%
31,8 Mio.Neu Delhi
79%
15,31 Mio.Istanbul
78%
21,5 Mio.Mexiko-Stadt
74%
19,7 Mio.Kairo
70%
22,3 Mio.Seoul
67%
22,18 Mio.Mumbai
65%
23,9 Mio.Manila
54%
17,5 Mio.Bangkok
53%
21,4 MioGuangzhou
53%
15,49 Mio.Osaka
51%
16,8 Mio.Dhaka
39%
15,48 Mio.Lagos
39%
18,6 Mio.Kalkutta
38%
15,29 Mio.Karatschi
21%

Verteilung der Resultate

Perzentil nach korrekt beantworteten Fragen

Anzahl Personen mit jedem Resultat

Ihre Resultats-Entwicklung

Sie haben dieses Quiz seit der letzten Aktualisierung nicht gespielt